000 01016nam a2200265Ia 4500
003 OSt
005 20220923211246.0
006 a|||||r|||| 00| 0
007 ta
008 220922b |||||||| |||| 00| 0 hin d
020 _a9788178542416 (hbk)
_c1500
024 _a273,955
037 _b137, 04/09/2013, Eastern Book Linkers
_cTextual
040 _aARTS
_cARTS
_bhin
041 _2hin
_ahin
082 _aQ4:332wN09, 152Q3
100 _aनेगी, विद्यासागर
_9160078
245 0 _aएक हिमालयी चरवाहे की आध्यात्मिक यात्रा
246 _aEk himālayī charavāhe kī ādhyātmik yātrā
260 _aदिल्ली
_b ईस्टर्न बुक लिंकर्स
_c2013
300 _a238पृ.
_ccm.
650 _aधर्म
942 _hQ4:332wN09, 152Q3
_cTEXL
_2CC
999 _c297819
_d297819